Lekcie ako forma e-learningového vzdelávnia kurzu regionálnej ekonomiky v projekte REBANT

Na minha lista:
Detalhes bibliográficos
Autor principal: Belvončíková, Eva, 1975-
Formato: Capítulo de Livro
Idioma:eslovaco
Assuntos:
Tags: Adicionar Tag
Sem tags, seja o primeiro a adicionar uma tag!

MARC

LEADER 00000naa$a2200000$$$4500
001 0053988
005 20240502071626.7
041 0 |a slo 
044 |a SK 
245 1 0 |a Lekcie ako forma e-learningového vzdelávnia kurzu regionálnej ekonomiky v projekte REBANT  |c Eva Belvončíková 
610 2 0 |a ekonomika regionálna 
610 2 0 |a kurzy 
610 2 0 |a vzdelávanie elektronické 
610 2 0 |a projekty 
100 1 |a Belvončíková, Eva, 1975-